000
00273nam a2200109Ia 4500
008
200302s9999 xx 000 0 und d
100
_a
Cecil Balmond
245
_a
Frontiers of Architecture 1
260
_b
Lou Siana Museum of Modern Art
260
_c
2007
300
_a
120 P.,
999
_c
2800
_d
2800